00638nam a2200181 a 450000100100000000500170001000800410002704000250006808200150009310000390010824500590014726000380020630000340024450400390027804900090031795201130032699900170043900002103420200930011221.0100830s1992 dr ab 000 0 spa d aDO-SdBNPbspacBNPHU axxxbS211s1 aSánchez Córdova, René94400910aSanto Domingo 1496-1991 /cRené Sánchez Córdova. aSanto Domingo :bCorripio,c1992. a87 p. :bil. ; map. ;c23 cm. aIncluye bibliografías [86-87 p.] aBNPD 0010718PDaPDbPDcCTd2010-08-30iLF1l0oxxx S211sp21034-10r2020-06-25w2020-06-25yLFPDZNo se presta c20537d20537